DHARMA SHASTRA: WAY TO PEACE, PROSPERITY AND PURITY (Record no. 8777)

MARC details
000 -LEADER
fixed length control field 00428nam a22001577a 4500
005 - DATE AND TIME OF LATEST TRANSACTION
control field 20250828121509.0
008 - FIXED-LENGTH DATA ELEMENTS--GENERAL INFORMATION
fixed length control field 250828b |||||||| |||| 00| 0 eng d
020 ## - INTERNATIONAL STANDARD BOOK NUMBER
ISBN 978-93-80864-53-2
041 ## - LANGUAGE CODE
Language code of text/sound track or separate title eng
082 ## - DEWEY DECIMAL CLASSIFICATION NUMBER
Classification number 294.594
100 ## - MAIN ENTRY--AUTHOR NAME
Personal name TEJOMAYANANDA, SWAMI
245 ## - TITLE STATEMENT
Title DHARMA SHASTRA: WAY TO PEACE, PROSPERITY AND PURITY
260 ## - PUBLICATION, DISTRIBUTION, ETC. (IMPRINT)
Place of publication MUMBAI
Name of publisher CENTRAL CHINMAYA MISSION TRUST
Year of publication 2023
300 ## - PHYSICAL DESCRIPTION
Number of Pages 104;P
942 ## - ADDED ENTRY ELEMENTS (KOHA)
Koha item type Books
Holdings
Lost status Damaged status Collection code Home library Current library Date acquired Source of acquisition Cost, normal purchase price Full call number Accession Number Koha item type
    BHARTIYA GYAN PARAMPARA JRU Library JRU Library 28/08/2025 PURCHASE 120.00 294.594 28761 Books